Η έρευνα του πραγματικού κόσμου : ένα μέσον για κοινωνικούς επιστήμονες και επαγγελματίες ερευνητές

Αποθηκεύτηκε σε:
Λεπτομέρειες βιβλιογραφικής εγγραφής
Κύριος συγγραφέας: Robson, Colin
Άλλοι συγγραφείς: Μιχαλοπούλου, Καίτη Ε., 1954- (Επιμελητής έκδοσης), Βασιλικού, Κατερίνα (Μεταφραστής), Νταλάκου, Βασιλική Π. (Μεταφραστής)
Μορφή: Βιβλίο
Γλώσσα:Greek
English
Δημοσίευση: Αθήνα : Gutenberg, 2007
Σειρά:Βιβλιοθήκη κοινωνικής επιστήμης και κοινωνικής πολιτικής
Θέματα:
Ετικέτες: Προσθήκη ετικέτας
Δεν υπάρχουν, Καταχωρήστε ετικέτα πρώτοι!

MARC

LEADER 00000cam a2200000 i 4500
001 1/97096
008 081112s2007 gre d
020 |a 978-960-01-1132-3 
035 |l 10101586 
040 |a GR-MY-UA  |b gre  |e aacr 
041 1 |a gre  |h eng 
082 0 |a 300.723  |2 (22) 
100 1 |a Robson, Colin. 
245 1 2 |a Η έρευνα του πραγματικού κόσμου :  |b ένα μέσον για κοινωνικούς επιστήμονες και επαγγελματίες ερευνητές /  |c Colin Robson ; επιστημονική επιμέλεια Καίτη Μιχαλοπούλου, επιμέλεια μετάφρασης Φρόσω Καλύβα ; μετάφραση Βασιλική Νταλάκου, Κατερίνα Βασιλικού 
260 |a Αθήνα :   |b Gutenberg,   |c 2007 
300 |a xxix, 694 σ.;  |c 24 εκ. 
490 1 |a Βιβλιοθήκη κοινωνικής επιστήμης και κοινωνικής πολιτικής 
504 |a Βιβλιογραφία: σ. 657-694 
650 0 0 |a Social sciences  |x Research  |x Methodology. 
650 0 0 |a Psychology  |x Research  |x Methodology. 
700 1 |a Μιχαλοπούλου, Καίτη Ε.,   |d 1954-  |4 edt 
700 1 |a Βασιλικού, Κατερίνα.  |4 trl 
700 1 |4 trl  |a Νταλάκου, Βασιλική Π. 
830 0 |a Βιβλιοθήκη κοινωνικής επιστήμης και κοινωνικής πολιτικής 
852 |a INST  |b LESVOS  |e 20081112  |h 300.723 ROB  |p 005100043461  |q 005100043461  |t BK  |y 0 
852 |a INST  |b LESVOS  |e 20110616  |h 300.723 ROB  |p 005100048895  |q 005100048895  |t BK  |y 0 
852 |a INST  |b LESVOS  |e 20110616  |h 300.723 ROB  |p 005100048896  |q 005100048896  |t BK  |y 0 
901 |a BIBL1-2008-3 
901 |a BIBL1-2011-2 
970 |a ΚΑΡΑ  |b ΓΙΑΣΕΜΗ  |z 2008/11/12